000 00737nam a2200265 i 4500
001 10703
003 ES-MaACL
005 20240510063014.0
007 t|
008 921026s1990 sp ||||0| spa d
016 7 _zCEN920101732
020 _a8486351138
040 _aCEN
_bspa
_cCEN
080 _a860-1"19"
100 1 _aÁlvarez Ortega, Manuel,
_d1923-
_9152996
245 1 0 _aCódigo /
_cManuel Alvarez Ortega.
250 _a[1ª ed. ].
260 _aGriñón, Madrid :
_bJuan Pastor,
_c1990.
300 _a56, [6] p. ;
_c20 cm.
490 1 _aDevenir ;
_v34
830 0 0 _aDevenir.
_pSerie Poesía ;
_v34
_9236243
852 _aES-MaACL
_jP-1931 N 34
_bR.122638
_910996
942 _2udc
999 _c10703
_d10703